| 000 | 00777nam a2200181Ia 4500 | ||
|---|---|---|---|
| 008 | 100921s9999 xx 000 0 und d | ||
| 082 |
_b1221 _a923.2 थ 36 |
||
| 100 | _aदेसाई महादेवभाई. | ||
| 245 | _aखानबंधूंचा अल्पपरिचय. | ||
| 260 |
_bसुलभ राष्ट्रीय ग्रंथमाला,पुणे. _c1936 |
||
| 300 |
_a95 _b--- |
||
| 365 | _b0.55 | ||
| 520 | _aचरित्रे-राजकारणी व्यिक्त. | ||
| 630 | _aखानबंधूंचा अल्पपरिचय. | ||
| 650 | _aचरित्रे-राजकारणी व्यिक्त. | ||
| 730 | _aखानबंधूंचा अल्पपरिचय. | ||
| 942 | _cBOOK | ||
| 999 |
_c750334 _d750331 |
||